[Event "III Memorial Don Pietro Carrera A"]
[Site "Zafferana Etnea ITA"]
[Date "2003.08.??"]
[Round "8"]
[White "Bonaccorsi, Fabrizio"]
[Black "Naumkin, Igor"]
[Result "1-0"]
[WhiteElo "2184"]
[BlackElo "2406"]
[PlyCount "61"]
[EventDate "2003.08.03"]

1.e4 e6 2.d4 d5 3.Nc3 Bb4 4.e5 c5 5.a3 Bxc3+ 6.bxc3 Ne7 7.Qg4 O-O 8.Bd3 f5
9.exf6 Rxf6 10.Bg5 Rf7 11.Qh5 g6 12.Qd1 Nbc6 13.Nf3 c4 14.Be2 Bd7 15.h4 
Qa5 16.Bd2 Nf5 17.h5 gxh5 18.Rxh5 Rc8 19.Ng5 Rg7 20.g4 Nd6 21.f4 Qd8 22.
Be3 b5 23.Bf3 a5 24.Rb1 Qe7 25.Qe2 Rb8 26.Bd2 Qf6 27.Qh2 Be8 28.Rxh7 Rxh7 
29.Qxh7+ Kf8 30.Kf2 Rb7 31.Qxb7 1-0

[Event "III Memorial Don Pietro Carrera A"]
[Site "Zafferana Etnea ITA"]
[Date "2003.08.??"]
[Round "8"]
[White "Fabiano, Giuseppe"]
[Black "Ljubisavljevic, Zivojin Z."]
[Result "1-0"]
[WhiteElo "2282"]
[BlackElo "2300"]
[PlyCount "104"]
[EventDate "2003.08.03"]

1.e4 c6 2.d3 d5 3.Nd2 e5 4.Ngf3 Qc7 5.g3 Nf6 6.Bg2 dxe4 7.dxe4 h6 8.O-O 
Be6 9.b3 Nbd7 10.Bb2 g5 11.Qe2 g4 12.Nh4 Nb6 13.Rfd1 O-O-O 14.a4 a5 15.Bc3
Bb4 16.Bxb4 axb4 17.a5 Nbd7 18.Nf5 Nc5 19.Qe3 Na6 20.Nxh6 Rd4 21.Nf1 Qd6 
22.Re1 Nc5 23.Nf5 Bxf5 24.exf5 Nfd7 25.Qg5 Nf6 26.Qe3 e4 27.a6 bxa6 28.Ra5
Nfd7 29.Qg5 Re8 30.Ne3 Ne5 31.f6 Kc7 32.Kf1 Kb6 33.Nf5 Qd5 34.Nxd4 Qxd4 
35.Raa1 Nf3 36.Bxf3 gxf3 37.Rad1 Qb2 38.Rd2 a5 39.Qe3 Qxf6 40.Rd4 Qe6 41.
Red1 Qh3+ 42.Ke1 Qxh2 43.Kd2 Qh5 44.Kc1 Qe5 45.Kb1 Kb5 46.Rc4 a4 47.Rdd4 
axb3 48.Rxb4+ Ka6 49.Qc1 Nb7 50.cxb3 Na5 51.Qf1+ Qb5 52.Rxb5 cxb5 1-0